La entrevista con el niño: el acercamiento al niño mediante el diálogo, el juego y el dibujo
সংরক্ষণ করুন:
| প্রধান লেখক: | |
|---|---|
| বিন্যাস: | গ্রন্থ |
| ভাষা: | স্প্যানিশ |
| প্রকাশিত: |
Madrid
Marova
1977
|
| মালা: | Biblioteca Marova de estudios del hombre
|
| বিষয়গুলি: | |
| ট্যাগগুলো: |
ট্যাগ যুক্ত করুন
কোনো ট্যাগ নেই, প্রথমজন হিসাবে ট্যাগ করুন!
|
MARC
| LEADER | 00000nam a2200000 a 4500 | ||
|---|---|---|---|
| 001 | UCY6070 | ||
| 003 | CL-VaPUC | ||
| 008 | 950521e19770000SP |||||||||||||||||spa|d | ||
| 082 | 0 | 4 | |a 158.3 |b ARF |2 21 |
| 100 | 0 | |a Arfouilloux, Jean-Claude |e author |9 335669 | |
| 245 | 1 | 3 | |a La entrevista con el niño: el acercamiento al niño mediante el diálogo, el juego y el dibujo |
| 300 | |a 170 p | ||
| 942 | |c BK | ||
| 945 | |d 19950521 00:00:00 |a mfernand | ||
| 260 | |a Madrid |b Marova |c 1977 | ||
| 650 | 7 | |a ENTREVISTA PSICOLOGICA |2 CL-VaPUC |9 332451 | |
| 650 | 0 | |a Desarrollo del lenguaje |9 311270 | |
| 650 | 7 | |a JUEGO |2 CL-VaPUC |9 311404 | |
| 650 | 0 | |a Dibujo |9 260181 | |
| 650 | 0 | |a Psicología del niño |9 307305 | |
| 583 | |a last modification |c 19950521 00:00:00 |k Rodrigo Vera | ||
| 490 | 0 | |a Biblioteca Marova de estudios del hombre | |
| 999 | |c 233653 |d 233651 | ||
| 952 | |0 0 |1 0 |4 0 |6 158_300000000000000_ARF_1977 |7 0 |8 P |9 239319 |a BIBEDU |b BIBEDU |c BIBEDU_PB |d 2019-11-18 |i 1505718 |o 158.3 ARF 1977 |p 1505718 |r 2024-01-25 |w 2019-11-18 |y BK |k EDU | ||